000 00257nam a2200121Ia 4500
100 _aCurran / Susan
942 _cBK
654 _aFirst Steps In Basic
245 _aFirst Steps In Basic
260 _bWinword
_aEngland
300 _a192
546 _aENGLISH
999 _c25676
_d25676